000 00580cam a2200241 4500
008 090401t1997 xxu||||| |||| 00| 0 eng d
020 _a187232858X
035 _a(Sirsi) u82528
041 _aeng
050 _a347.41067
100 _aHall, Jean Graham
245 0 4 _aThe expert witness.
250 _a2nd ed.
260 _aChichester
_bBarry Rose Law Publishers Ltd.
_c1997
300 _axviii,172p. ; 21cm.
350 _a16
650 _aEXPERT WITNESSES
650 _aTRIALS
690 _aLAW
700 _aSmith, Gordon D.
942 _n0
948 _c05/12/1997
999 _c96795
_d96795